Statistiques concernant Ligue 1, clubs de la saison 2023-2024.

Cliquez ici pour prendre le quiz!

Statistiques générales

  • Ce quiz a été pris 416 fois
    (389 depuis la dernière actualisation)
  • Le résultat moyen est 16 sur 18

Statistiques - réponses

Classement saison 2023Club% Correct
1er Paris SG
100%
3e Olympique de Marseille
99%
2e RC Lens
98%
5e Lille OSC
98%
7e Olympique lyonnais
98%
4e Stade rennais
96%
16e FC Nantes
94%
6e AS Monaco
93%
9e OGC Nice
92%
13e Toulouse FC
91%
14e Stade brestois 29
90%
15e RC Strasbourg
89%
11e Stade de Reims
86%
1er (Ligue 2) Le Havre AC
86%
8e Clermont Foot 63
85%
2e (Ligue 2) FC Metz
84%
12e Montpellier HSC
84%
10e FC Lorient
83%

Distribution des résultats

Percentile par nombre de réponses

% des personnes avec chaque résultat

Votre développement - résultats

Vous n’avez pas pris ce quiz depuis la dernière actualisation